| 000 | 00469nam a2200157 i 4500 | ||
|---|---|---|---|
| 001 | 189144 | ||
| 003 | ES-MaACL | ||
| 005 | 20230906223407.0 | ||
| 008 | 190410s1918 sp |||| | spa d | ||
| 100 | 1 |
_aPey Ordeix, Segismundo. _991586 |
|
| 245 | 1 | 0 |
_aEvangelio del amor / _cS. Pey Ordeix. |
| 260 |
_aMadrid : _bRenacimiento, _c1918 ( _fImp. de Juan Pueyo) |
||
| 300 |
_a270 p. ; _c20 cm. |
||
| 650 | 4 |
_aAmor- _xAspectos religiosos. _99755 |
|
| 852 |
_aES-MaACL _jL-32299 |
||
| 999 |
_c189144 _d189144 |
||